| 000 | 00636nam a2200217 a 4500 | ||
|---|---|---|---|
| 001 | 2209 | ||
| 003 | CDMR | ||
| 005 | 20131007095717.0 | ||
| 008 | 130130s1978||||||||||||||||||||||||||||d | ||
| 020 | _a8402060102 (vol. 1) | ||
| 020 | _a8402061532 (vol. 2) | ||
| 040 |
_aCDMR _bcat _cCDMR |
||
| 100 | 1 |
_aSolà i Dachs, Lluís _9555 |
|
| 245 | 1 | 2 |
_aL'humor català _cLluís Solà i Dachs _b: la premsa humorística [I i II] |
| 260 |
_aBarcelona _c1978-1979 _bBruguera |
||
| 300 |
_a2 v. _bil. b/n _c20 cm |
||
| 490 | 0 |
_aTestimoni _v2, 3 |
|
| 650 | 0 | 4 |
_93164 _aPremsa satírica |
| 650 | 0 | 4 |
_91524 _aPremsa _xHistòria _zCatalunya |
| 942 |
_cMON _2udc |
||
| 999 |
_c2209 _d2209 |
||